Delimitación del derecho de propiedad
Đã lưu trong:
| Tác giả chính: | |
|---|---|
| Định dạng: | Sách |
| Ngôn ngữ: | Tiếng Tây Ban Nha |
| Được phát hành: |
Santiago
Librotecnia
2016
|
| Phiên bản: | 1a. ed |
| Những chủ đề: | |
| Các nhãn: |
Thêm thẻ
Không có thẻ, Là người đầu tiên thẻ bản ghi này!
|
MARC
| LEADER | 00000cam a2200000 a 4500 | ||
|---|---|---|---|
| 001 | UCD5579 | ||
| 003 | CL-VaPUC | ||
| 008 | 160922e20160000cl |||||||||||||||||spa|d | ||
| 020 | |a 9789563271454 | ||
| 082 | 0 | 4 | |a 346.04 |b COR |2 21 |
| 100 | 0 | |a Corvalán Pérez, José Luis |e author |9 589376 | |
| 245 | 1 | 0 | |a Delimitación del derecho de propiedad |
| 250 | |a 1a. ed | ||
| 300 | |a 217 p | ||
| 942 | |c BK | ||
| 945 | |d 20160922 22:24:00 |a dcastane | ||
| 260 | |a Santiago |b Librotecnia |c 2016 | ||
| 650 | 0 | |a Derecho de propiedad |9 256450 | |
| 650 | 0 | |a Propiedad privada |9 257919 | |
| 650 | 0 | |a Derecho natural |9 255041 | |
| 650 | 0 | |a Derecho civil |9 255013 | |
| 583 | |a last modification |c 20160922 22:24:00 |k Rodrigo Vera | ||
| 999 | |c 366232 |d 366230 | ||
| 952 | |0 0 |1 0 |3 erb |4 0 |6 346_040000000000000_COR_2016 |7 0 |8 A |9 480308 |a BIBDER |b BIBDER |i 5342317 |o 346.04 COR 2016 |p 5342317 |r 2023-01-25 |w 2019-11-24 |y BK |z Catalogado en:20160922 |k DER | ||